| 000 | 00446nam a2200169 i 4500 | ||
|---|---|---|---|
| 001 | bg | ||
| 100 | 1 | _aUŠAKOV, B. A. | |
| 245 | 0 |
_aOsnovy termoemissionnego preobrazovanija energii / _cB.A. Ušakow, V.D. Nikitim, I.Ja. Emeljanov. |
|
| 260 |
_aMoskva, _c1974. |
||
| 700 | 1 | _aNIKITIN, V. D. | |
| 700 | 1 | _aEMELJANOV, I. Ja. | |
| 040 | _cBPK | ||
| 041 | _apol | ||
| 080 | _a621.362 | ||
| 942 | _cKS | ||
| 008 | s pl f |000 0 pol | ||
| 999 |
_c16077 _d16077 |
||
| 856 |
_uhttp://koha.tu.koszalin.pl/cgi-bin/koha/opac-detail.pl?biblionumber=16077 _yKatalog online BPK |
||